00429cam a2200157ua 450000100060000000800390000602000180004504000090006308200120007210000280008424500770011225000120018926000440020130000120024565300140025710294180314n ii |||gr||||Z||||||eng a9789352606146 cMAIN a330.954 aSingh, Ramesh,eAuthor. aIndian economy : bfor civil services examination / cBy Ramesh Singh .  a9th ed. aChennai:bMcGraw hill education,c2017. a26.11p. aEconomics